000 00728nam a2200253Ia 4500
003 OSt
005 20221006143253.0
006 a|||||r|||| 00| 0
007 ta
008 221006b |||||||| |||| 00| 0 eng d
020 _a8170304296
_c435.00
024 _a8,512
037 _cTextual
040 _aEASL
_cEASL
_beng
041 _2eng
_aeng
082 _aZ41,A, N3
100 _aPeerenboom R. P.
_9144562
245 0 _aLaw and morality in ancient China
_b The silk manuscripts of Huang-Lao
260 _aDelhi
_bIndian Books Centre
_c1993
300 _a380p.
_ccm.
490 _v CEL
_aBibliotheca Indo-Buddhica Series
942 _hZ41,A, N3
_cTEXL
_2CC
999 _c1076598
_d1076598